Paesi più vicini al Messico - Morte improvvisa - Statistics

Statistiche generali
  • Questo quiz è stato fatto 46 volte
  • Il punteggio medio è 6 su 15
Answers on the Grid
Answers color-coded by a green-red scale on the quiz's grid according to % correct below.
Stati Uniti
Belize
Guatemala
Honduras
Cuba
El Salvador
Nicaragua
Costa Rica
Colombia
Giamaica
Bahamas
Panama
Haiti
Repubblica Dominicana
Ecuador
Canada
Peru
Brasile
Antigua e Barbuda
Saint Vincent e Grenadine
Venezuela
Suriname
Guyana
Bolivia
Uruguay
Tuvalu
Tonga
Nuova Zelanda
Mauritania
Portogallo
 
Statistiche sulle risposte
Risposta % Corretto
Costa Rica
58%
Nicaragua
58%
Guatemala
50%
Panama
50%
Stati Uniti
50%
Bahamas
42%
Belize
42%
Cuba
42%
Giamaica
42%
Haiti
42%
Honduras
42%
Repubblica Dominicana
42%
El Salvador
33%
Colombia
17%
Ecuador
8%
Nessun quiz corrispondente trovato
Distribuzione punteggi
Percentuale di utenti per punteggio
Percentile per numero di risposta
I tuoi punteggi nel tempo
Non hai fatto questo quiz